00393 a2200145 4500003000400000005001700004008004100021020001800062040000900080082001900089100001600108245007500124260003900199300000900238OSt20231121145559.0231121b |||||||| |||| 00| 0 eng d a9788123918785 coclc a574.028bABH/I aM, Abhilash aIntroduction to bioinformatics and microarray technology /cAbhilash M aNew Delhi:bCBS Publishers,c2010. a203p